মুজিবসমগ্র / (Record no. 77012)
[ view plain ]
| 000 -LEADER | |
|---|---|
| fixed length control field | 00785nam a22002297a 4500 |
| 001 - CONTROL NUMBER | |
| control field | 77012 |
| 003 - CONTROL NUMBER IDENTIFIER | |
| rucl marc code | BD-RjUL |
| 005 - DATE AND TIME OF LATEST TRANSACTION | |
| control field | 20211209082921.0 |
| 008 - FIXED-LENGTH DATA ELEMENTS--GENERAL INFORMATION | |
| fixed length control field | 200213s2020 bg ||||| |||| 00| p ben d |
| 020 ## - INTERNATIONAL STANDARD BOOK NUMBER | |
| International Standard Book Number | 9789849287230 |
| 035 ## - SYSTEM CONTROL NUMBER | |
| System control number | (BD-RjUL)77236 |
| 040 ## - CATALOGING SOURCE | |
| Original cataloging agency | BD-RjUL |
| Language of cataloging | eng |
| Transcribing agency | BD-RjUL |
| 041 ## - LANGUAGE CODE | |
| Language code of text/sound track or separate title | eng |
| 082 ## - DEWEY DECIMAL CLASSIFICATION NUMBER | |
| Edition number | 23 |
| Classification number | 954.92050924 |
| Author mark and year | SAM 2020 |
| 100 ## - MAIN ENTRY--PERSONAL NAME | |
| Personal name | সাহা, মহাদেব |
| 9 (RLIN) | 239335 |
| 245 ## - TITLE STATEMENT | |
| Title | মুজিবসমগ্র / |
| Statement of responsibility, etc. | মহাদেব সাহা |
| 260 ## - PUBLICATION, DISTRIBUTION, ETC. (IMPRINT) | |
| Place of publication, distribution, etc. | ঢাকা : |
| Name of publisher, distributor, etc. | বিভাস, |
| Date of publication, distribution, etc. | ২০২০ |
| 300 ## - PHYSICAL DESCRIPTION | |
| Pagination | ২৯৪ পৃ. ; |
| Size | ২২ সেমি. |
| 504 ## - BIBLIOGRAPHY, ETC. NOTE | |
| Bibliography, etc | বিবলিওগ্রাফি অন্তর্ভূক্ত। |
| 600 ## - SUBJECT ADDED ENTRY--PERSONAL NAME | |
| Personal name | Mujibur Rahman, |
| Titles and other words associated with a name | Shaikh, |
| Dates associated with a name | 1920-1975. |
| General subdivision | Poetry |
| 942 ## - ADDED ENTRY ELEMENTS (KOHA) | |
| Source of classification or shelving scheme | Dewey Decimal Classification |
| Koha item type | Books |
| Lost status | Source of classification or shelving scheme | Damaged status | Not for loan | Permanent Location | Current Location | Shelving location | Date acquired | Source of acquisition | Cost, normal purchase price | Total Checkouts | Full call number | Date last seen | Copy number | Koha item type |
|---|---|---|---|---|---|---|---|---|---|---|---|---|---|---|
| Dewey Decimal Classification | Not For Loan | Central Library, University of Rajshahi | Central Library, University of Rajshahi | Reading Room | 06/02/2020 | Vidyasagar, Rajshahi | 500.00 | B 954.92050924 SAM 2020 | 13/02/2020 | C-1 | Books | |||
| Dewey Decimal Classification | Central Library, University of Rajshahi | Central Library, University of Rajshahi | 06/02/2020 | Vidyasagar, Rajshahi | 500.00 | B 954.92050924 SAM 2020 | 13/02/2020 | C-2 | Books |